[Event "Catalunya-ch Seniors"]
[Site "Malgrat del Mar"]
[Date "2023.05.14"]
[Round "1"]
[White "Asensio Linan, Teodoro"]
[Black "Rodon Balcells, Jaume"]
[Result "1-0"]
[WhiteElo "2085"]
[BlackElo "1816"]
[PlyCount "93"]
[EventDate "2023.05.14"]
[EventType "swiss"]
[EventRounds "8"]
[EventCountry "ESP"]
[SourceTitle "CBM 214 Extra"]
[Source "ChessBase"]
[SourceDate "2023.07.31"]
[SourceVersion "1"]
[SourceVersionDate "2023.07.31"]
[SourceQuality "1"]

1. e4 e5 2. Nf3 Nc6 3. Nc3 Nf6 4. Be2 d5 5. exd5 Nxd5 6. Bb5 Nxc3 7. bxc3 Bd6 8. d4 exd4 9. 0-0 0-0 10. cxd4 Bd7 11. Rb1 a6 12. Bd3 Bg4 13. Be3 Rb8 14. c4 Qf6 15. h3 Bxf3 16. Qxf3 Qxf3 17. gxf3 Rfd8 18. Be4 Be7 19. Rfd1 g6 20. f4 Na5 21. Rbc1 b6 22. f5 Kg7 23. fxg6 hxg6 24. Bf4 Bd6 25. Bd2 Re8 26. Bd5 c5 27. Bc3 f6 28. Re1 Rxe1+ 29. Rxe1 Nb7 30. Re6 cxd4 31. Bxd4 Bc5 32. Bxf6+ Kf8 33. Be5 Rd8 34. Rf6+ Ke8 35. Bxb7 Rd1+ 36. Kg2 Ke7 37. Rf3 a5 38. a4 Rd2 39. Bd5 Ke8 40. Bf7+ Ke7 41. Bxg6 Ke6 42. Bc3 Rd8 43. Bf7+ Kd7 44. Rd3+ Kc7 45. Be5+ Bd6 46. Rxd6 Rxd6 47. Be8 1-0

[Event "Barcelona La Lira op 39th"]
[Site "Barcelona"]
[Date "2023.03.03"]
[Round "7"]
[White "Asensio Linan, Teodoro"]
[Black "Garcia Riera, Josep"]
[Result "1-0"]
[WhiteElo "2040"]
[BlackElo "1832"]
[PlyCount "73"]
[EventDate "2023.01.20"]
[EventType "swiss"]
[EventRounds "8"]
[EventCountry "ESP"]
[SourceTitle "CBM 213 Extra"]
[Source "ChessBase"]
[SourceDate "2023.05.31"]
[SourceVersion "1"]
[SourceVersionDate "2023.05.31"]
[SourceQuality "1"]

1. e4 Nf6 2. e5 Nd5 3. d4 d6 4. c4 Nb6 5. exd6 cxd6 6. Nc3 g6 7. h3 Bg7 8. Nf3 0-0 9. Be2 Nc6 10. 0-0 e5 11. Bg5 Qd7 12. dxe5 dxe5 13. c5 Qxd1 14. Raxd1 Nd7 15. Nd5 h6 16. Be7 Re8 17. Bd6 Rd8 18. Bb5 e4 19. Nd2 Nf6 20. Bxc6 bxc6 21. Ne7+ Kh8 22. Nxc6 Re8 23. Rfe1 Bb7 24. Ne5 Bd5 25. b3 Bf8 26. Nec4 Rac8 27. Rc1 Nd7 28. b4 f5 29. Bxf8 Rxf8 30. Nd6 Rc6 31. N2c4 Rb8 32. a3 Kg7 33. Na5 Rc7 34. Red1 Be6 35. a4 Kf8 36. Nb5 Rcc8 37. Nxa7 1-0

[Event "Cornella de Llobregat op 8th"]
[Site "Cornella de Llobregat"]
[Date "2022.10.24"]
[Round "5"]
[White "Asensio Linan, Teodoro"]
[Black "Gallego Montes, Antonio"]
[Result "1-0"]
[WhiteElo "1921"]
[BlackElo "1723"]
[PlyCount "29"]
[EventDate "2022.09.26"]
[EventType "swiss"]
[EventRounds "9"]
[EventCountry "ESP"]
[SourceTitle "EXT 2024"]
[Source "ChessBase"]
[SourceDate "2023.10.10"]
[SourceVersion "1"]
[SourceVersionDate "2023.10.10"]
[SourceQuality "1"]

1. e4 c5 2. Nf3 Nc6 3. Bb5 e5 4. 0-0 Bd6 5. c3 a6 6. Bc4 b5 7. Bd5 Nf6 8. d4 cxd4 9. cxd4 Nxd5 10. exd5 Nxd4 11. Nxd4 exd4 12. Re1+ Kf8 13. Qxd4 Qc7 14. Bh6 f6 15. Qxf6+ 1-0

[Event "Villa de Gijon op 6th"]
[Site "Gijon"]
[Date "2022.09.14"]
[Round "7"]
[White "Asensio Linan, Teodoro"]
[Black "Menendez Rey, Javier"]
[Result "1/2-1/2"]
[WhiteElo "1921"]
[BlackElo "2133"]
[PlyCount "116"]
[EventDate "2022.09.10"]
[EventType "swiss"]
[EventRounds "9"]
[EventCountry "ESP"]
[SourceTitle "CBM 210 Extra"]
[Source "ChessBase"]
[SourceDate "2022.11.30"]
[SourceVersion "1"]
[SourceVersionDate "2022.11.30"]
[SourceQuality "1"]

1. e4 d6 2. Nf3 Nf6 3. Nc3 e5 4. Bc4 Be7 5. d4 Nbd7 6. dxe5 Nxe5 7. Nxe5 dxe5 8. Qxd8+ Bxd8 9. a4 c6 10. a5 Be7 11. 0-0 0-0 12. h3 Bc5 13. Bg5 Be6 14. Bd3 Nd7 15. Nd1 f6 16. Bd2 Rfd8 17. Kh2 Bd4 18. c3 Bc5 19. Bc2 Be7 20. Be3 Nc5 21. Bxc5 Bxc5 22. b4 Rd2 23. Rc1 Bc4 24. Bb3 Bxb3 25. bxc5 Bc4 26. Re1 Ba6 27. Kg3 Ra2 28. Ne3 Rd8 29. Ra1 Rdd2 30. Rxa2 Rxa2 31. Rd1 Rxa5 32. Rd8+ Kf7 33. Nf5 g6 34. Nd6+ Ke7 35. Rh8 Rxc5 36. Nxb7 Rxc3+ 37. f3 Bxb7 38. Rxh7+ Kd6 39. Rxb7 a5 40. Rf7 Ke6 41. Ra7 Ra3 42. Rc7 Rc3 43. Ra7 Rc5 44. h4 Rb5 45. Rc7 c5 46. Rc6+ Ke7 47. f4 exf4+ 48. Kxf4 a4 49. Ra6 Rb4 50. g4 c4 51. h5 gxh5 52. gxh5 Kf7 53. Ra7+ Kg8 54. h6 Rb5 55. Rxa4 Rc5 56. e5 fxe5+ 57. Kg5 e4+ 58. Kg6 Rc6+ 1/2-1/2

[Event "Barcelona Sant Marti op-A 22nd"]
[Site "Barcelona"]
[Date "2022.07.19"]
[Round "7"]
[White "Nambiar, Vivek"]
[Black "Asensio Linan, Teodoro"]
[Result "0-1"]
[WhiteElo "1870"]
[BlackElo "2015"]
[PlyCount "60"]
[EventDate "2022.07.13"]
[EventType "swiss"]
[EventRounds "9"]
[EventCountry "ESP"]
[SourceTitle "CBM 209 Extra"]
[Source "ChessBase"]
[SourceDate "2022.09.30"]
[SourceVersion "1"]
[SourceVersionDate "2022.09.30"]
[SourceQuality "1"]

1. Nf3 g6 2. d4 Nf6 3. c4 Bg7 4. Nc3 0-0 5. Bg5 c5 6. e3 cxd4 7. exd4 d5 8. Be2 Ne4 9. Bf4 Qa5 10. cxd5 Nxc3 11. Qd2 Qxd5 12. bxc3 Nd7 13. c4 Qc6 14. 0-0 Re8 15. Rab1 e5 16. d5 Qd6 17. Be3 b6 18. a4 f5 19. g3 Nc5 20. a5 Bd7 21. axb6 axb6 22. Qb4 f4 23. Bd2 Ra2 24. Ra1 Rxa1 25. Rxa1 fxg3 26. hxg3 e4 27. Bf4 Qf8 28. Ra7 exf3 29. Bxf3 g5 30. Be3 Qxf3 0-1

[Event "Barcelona Sant Marti op-A 22nd"]
[Site "Barcelona"]
[Date "2022.07.18"]
[Round "6"]
[White "Asensio Linan, Teodoro"]
[Black "Chiva Perez, Jordi"]
[Result "1/2-1/2"]
[WhiteElo "2015"]
[BlackElo "1704"]
[PlyCount "78"]
[EventDate "2022.07.13"]
[EventType "swiss"]
[EventRounds "9"]
[EventCountry "ESP"]
[SourceTitle "CBM 209 Extra"]
[Source "ChessBase"]
[SourceDate "2022.09.30"]
[SourceVersion "1"]
[SourceVersionDate "2022.09.30"]
[SourceQuality "1"]

1. e4 e5 2. Nf3 Nc6 3. Nc3 Nf6 4. Be2 Bb4 5. Nd5 Be7 6. d3 d6 7. Nxe7 Qxe7 8. c3 h6 9. b4 0-0 10. h3 Bd7 11. Qc2 a5 12. b5 Nd8 13. Rb1 b6 14. Nh2 Ne6 15. Nf1 d5 16. exd5 Nxd5 17. Bf3 Qc5 18. Bxd5 Qxd5 19. Ne3 Qb7 20. 0-0 Nf4 21. f3 Be6 22. d4 exd4 23. cxd4 Nd5 24. Qe4 Rab8 25. Nxd5 Qxd5 26. Qxd5 Bxd5 27. Rf2 g5 28. Ba3 Rfe8 29. Rc1 Re3 30. Bb2 Rc8 31. Bc3 c6 32. Ba1 Kf8 33. Rfc2 Re6 34. Kf2 Ke7 35. Bc3 Rd8 36. bxc6 Rxc6 37. Bd2 Rdc8 38. Rxc6 Rxc6 39. Rxc6 Bxc6 1/2-1/2

[Event "Sant Adria de Besos op-A 3rd"]
[Site "Sant Adria de Besos"]
[Date "2019.08.14"]
[Round "1"]
[White "Harikrishnan, A Ra"]
[Black "Asensio Linan, Teodoro"]
[Result "1-0"]
[WhiteElo "2411"]
[BlackElo "2092"]
[PlyCount "63"]
[EventDate "2019.08.14"]
[EventType "swiss"]
[EventRounds "9"]
[EventCountry "ESP"]
[SourceTitle "EXT 2020"]
[Source "ChessBase"]
[SourceDate "2019.10.17"]
[SourceVersion "1"]
[SourceVersionDate "2019.10.17"]
[SourceQuality "1"]

1. Nf3 f5 2. d3 d6 3. e4 e5 4. exf5 Bxf5 5. g3 Nf6 6. Bg2 c6 7. 0-0 Be7 8. Nc3 0-0 9. Re1 Bg4 10. h3 Bh5 11. d4 exd4 12. Qxd4 d5 13. Ng5 Qd7 14. Ne6 Re8 15. Bg5 Bf7 16. Nc5 Qf5 17. Bxf6 Bxf6 18. Rxe8+ Bxe8 19. Qd2 Nd7 20. Nxb7 Rb8 21. Nd6 Qe5 22. Nxe8 Rxe8 23. Na4 Nb6 24. Nxb6 axb6 25. c3 Qe2 26. Rd1 Qe6 27. h4 Kf7 28. Bf3 b5 29. Qd3 g6 30. Kg2 Qf5 31. Qxf5 gxf5 32. Bh5+ 1-0

[Event "Barcelona Sant Marti op 21st"]
[Site "Barcelona"]
[Date "2019.07.18"]
[Round "6"]
[White "Cu Hor, Winston Darwin"]
[Black "Asensio Linan, Teodoro"]
[Result "1-0"]
[WhiteElo "2335"]
[BlackElo "2123"]
[PlyCount "59"]
[EventDate "2019.07.13"]
[EventType "swiss"]
[EventRounds "9"]
[EventCountry "ESP"]
[SourceTitle "EXT 2020"]
[Source "ChessBase"]
[SourceDate "2019.10.17"]
[SourceVersion "1"]
[SourceVersionDate "2019.10.17"]
[SourceQuality "1"]

1. Nf3 d6 2. c4 f5 3. d4 Nf6 4. g3 g6 5. Bg2 Bg7 6. 0-0 0-0 7. Nc3 Nc6 8. b3 e5 9. dxe5 dxe5 10. Ba3 e4 11. Bxf8 exf3 12. Bxg7 fxg2 13. Qxd8+ Nxd8 14. Rfd1 Nd7 15. Be5 Ne6 16. Bd4 f4 17. Nd5 g5 18. Nf6+ Kf7 19. Ne4 b6 20. Bb2 Ke7 21. Rd2 Bb7 22. Rad1 Ndc5 23. Nxc5 Nxc5 24. b4 Ne4 25. Rd7+ Ke6 26. Rxc7 Rb8 27. Rdd7 Ba8 28. Re7+ Kf5 29. g4+ Kxg4 30. f3+ 1-0

[Event "Mem Vinas 15th A"]
[Site "Mataro"]
[Date "2019.05.18"]
[Round "3.2"]
[White "Asensio Linan, Teodoro"]
[Black "Cruz Estrada, Filemon"]
[Result "0-1"]
[WhiteElo "2128"]
[BlackElo "2304"]
[PlyCount "62"]
[EventDate "2019.05.04"]
[EventType "swiss"]
[EventRounds "8"]
[EventCountry "ESP"]
[SourceTitle "EXT 2024"]
[Source "ChessBase"]
[SourceDate "2023.10.10"]
[SourceVersion "1"]
[SourceVersionDate "2023.10.10"]
[SourceQuality "1"]

1. e4 e5 2. Nf3 Nc6 3. Bc4 Bc5 4. c3 Qe7 5. 0-0 Nf6 6. d4 Bb6 7. a4 a6 8. Re1 d6 9. Qd3 h6 10. Nbd2 0-0 11. Nf1 Nh5 12. Ng3 Nxg3 13. hxg3 exd4 14. cxd4 Bg4 15. Nh4 Qf6 16. e5 Nxe5 17. Rxe5 dxe5 18. Qe4 Bxd4 19. Be3 Be6 20. Bd3 g6 21. Qxb7 Bxe3 22. fxe3 Qg5 23. Qf3 a5 24. Rc1 Rab8 25. Bb5 Rfd8 26. Rxc7 Rbc8 27. Rc3 Qg4 28. Qf6 Qxg3 29. e4 Rd1+ 30. Bf1 Rxc3 31. bxc3 Bc4 0-1